| 000 | 00411nam a22001697a 4500 | ||
|---|---|---|---|
| 003 | MPLRDC | ||
| 005 | 20220104124657.0 | ||
| 008 | 210129b ||||| |||| 00| 0 eng d | ||
| 082 | _a592.9 FYZS v.5 | ||
| 100 | _a李华德 | ||
| 245 |
_a国共军政大搏斗. 下局 _c |
||
| 250 | _a初版 | ||
| 260 |
_a香港 _b中原出版社 _c1993 |
||
| 300 | _b377 | ||
| 650 | _a战争史 | ||
| 942 |
_cBK _o592.9 FYZS v.5 |
||
| 999 |
_c21255 _d21245 |
||